000 00679nam a2200253Ia 4500
003 OSt
005 20220925193829.0
006 a|||||r|||| 00| 0
007 ta
008 220923b |||||||| |||| 00| 0 eng d
037 _cGeneral Book
040 _aRTL
_cRTL
_beng
041 _2eng
_aeng
082 _aU287, N7
100 _aHOUGHTON John
_9249512
245 0 _aGlobal warming
_b The complete briefing
250 _a2nd
260 _aCambridge
_bCambridge University Press
_c1997
300 _axv, 251p
_ccm.
500 _aGlossary: P 237-41
650 _aClimate
942 _hU287, N7
_cGB
_2CC
999 _c527241
_d527241